000 00751cab a22002055a 4500
001 L150522
008 100722e20100416xxkd f s 000 0 eng d
035 _a(Sirsi) u150522
041 0 _aeng
110 2 _aExperian Business Strategies
_94789
245 0 4 _aThe tracker
_bsame time next month ...?
260 _c2010
490 _aBuilding Magazine
_v275 (8625) 16 April 2010, 58-59(2)
520 _aTender prices are down for the 20th month in a row; many regions' indices see no change; state of play; leading construction activity indicator; labour costs; regional perspective.
590 _aKA
650 2 4 _aEXPERIAN CONSTRUCTION INDUSTRY FOCUS
651 4 _aUnited Kingdom
_y
690 _aBUILT ENVIRONMENT-CONSTRUCTION MARKET
942 _n0
999 _c82543
_d82543